Les régions ayant le plus remporté Miss France - Statistiques

Statistiques générales
  • Ce quiz a été pris 177 fois
  • Le résultat moyen est 5 sur 8
Statistiques - réponses
Nombre de victoires Région % Correct
14 Île-de-France
96%
8 Provence-Alpes-Côte d'Azur
79%
6 Bretagne
75%
7 Normandie
72%
7 Alsace
61%
7 Aquitaine
59%
5 Rhône-Alpes
57%
5 Tahiti
35%
Aucun quiz correspondant
Distribution des résultats
% des personnes avec chaque résultat
Percentile par nombre de réponses
Votre historique - résultats
Vous n’avez pas pris ce quiz